Passage through hell : (Record no. 264300)
[ view plain ]
| 000 -LEADER | |
|---|---|
| fixed length control field | 00934nam a2200265 a 4500 |
| 001 - CONTROL NUMBER | |
| control field | 000715011 |
| 003 - CONTROL NUMBER IDENTIFIER | |
| control field | AM-YeHGA |
| 005 - DATE AND TIME OF LATEST TRANSACTION | |
| control field | 20250618073720.0 |
| 008 - FIXED-LENGTH DATA ELEMENTS--GENERAL INFORMATION | |
| fixed length control field | 100219s2007 ||| r 000 0 eng d |
| 020 ## - INTERNATIONAL STANDARD BOOK NUMBER | |
| International Standard Book Number | 097674242X |
| 040 ## - CATALOGING SOURCE | |
| Original cataloging agency | AM-YeHGA |
| 041 1# - LANGUAGE CODE | |
| Language code of text/sound track or separate title | eng |
| Language code of original | arm |
| 090 ## - LOCALLY ASSIGNED LC-TYPE CALL NUMBER (OCLC); LOCAL CALL NUMBER (RLIN) | |
| -- | 265930 |
| 100 1# - MAIN ENTRY--PERSONAL NAME | |
| Personal name | Anush, Armen |
| Dates associated with a name | 1907-1958 |
| 245 10 - TITLE STATEMENT | |
| Title | Passage through hell : |
| Remainder of title | A memoir / |
| Statement of responsibility, etc. | Armen Anush; Transl. by Ishkhan Jinbashian. |
| 250 ## - EDITION STATEMENT | |
| Edition statement | 2nd ed. |
| 260 ## - PUBLICATION, DISTRIBUTION, ETC. | |
| Place of publication, distribution, etc. | Studio City, California : |
| Name of publisher, distributor, etc. | H. and K. Manjikian Publ., |
| Date of publication, distribution, etc. | 2007. |
| 300 ## - PHYSICAL DESCRIPTION | |
| Extent | xvi, 123 p. : |
| Other physical details | ill., photos. |
| 440 #0 - SERIES STATEMENT/ADDED ENTRY--TITLE | |
| Title | Genocide Library; |
| Volume/sequential designation | V. 1 |
| 500 ## - GENERAL NOTE | |
| General note | Translation of: Arean chanaparhov |
| 500 ## - GENERAL NOTE | |
| General note | On cover: The Odyssey of a Genocide Survivor |
| 650 14 - SUBJECT ADDED ENTRY--TOPICAL TERM | |
| Topical term or geographic name entry element | Հայոց ցեղասպանություն (1915-1923) |
| Form subdivision | Անձնական պատմություններ |
| 9 (RLIN) | 5101 |
| 650 14 - SUBJECT ADDED ENTRY--TOPICAL TERM | |
| Topical term or geographic name entry element | Ցեղասպանություն |
| Geographic subdivision | Turkey |
| 700 1# - ADDED ENTRY--PERSONAL NAME | |
| Personal name | Jinbashian, Ishkhan |
| Relationship | trl |
| Withdrawn status | Lost status | Damaged status | Not for loan | Collection | Home library | Current library | Date acquired | Cost, normal purchase price | Shelving control number | Total checkouts | Full call number | Barcode | Date last seen | Price effective from | Koha item type | Public note |
|---|---|---|---|---|---|---|---|---|---|---|---|---|---|---|---|---|
| General | Fundamental Scientific Library | Fundamental Scientific Library | 29/12/2016 | 1500.00 | И II/114283 | FL0136903 | 29/12/2016 | 29/12/2016 | Գրքեր / Books | 30 Days Loan | ||||||
| General | Fundamental Scientific Library | Fundamental Scientific Library | 29/12/2016 | 1500.00 | И II/114284 | FL0136902 | 29/12/2016 | 29/12/2016 | Գրքեր / Books | 30 Days Loan |
ՀՀ Գիտությունների ազգային ակադեմիայի հիմնարար գիտական գրադարան = Fundamental Scientific Library of NAS RA
All site content, except where otherwise noted, is licensed under a